Top 20 Countries For Raising Kids - Statistics

General Stats
  • This quiz has been taken 36 times
  • The average score is 17 of 20
Answer Stats
Rank Country % Correct
18 United States
97%
4 Canada
94%
15 Spain
94%
14 France
91%
11 United Kingdom
91%
9 Australia
88%
19 Japan
88%
3 Norway
88%
2 Sweden
88%
1 Denmark
84%
13 Germany
84%
16 Italy
84%
5 Netherlands
84%
8 New Zealand
84%
17 Portugal
84%
6 Finland
78%
10 Austria
72%
7 Switzerland
72%
12 Luxembourg
63%
20 Poland
53%
No matching quizzes found
Score Distribution
Percent of People with Each Score
Percentile by Number Answered
Your Score History
You have not taken this quiz